[Event "Bodenmais op"]
[Site "Bodenmais"]
[Date "2022.08.07"]
[Round "9"]
[White "Kneutgen, Alexander"]
[Black "Franz, Karsten"]
[Result "1/2-1/2"]
[WhiteElo "1999"]
[BlackElo "2213"]
[PlyCount "53"]
[EventDate "2022.07.30"]
[EventType "swiss"]
[EventRounds "9"]
[EventCountry "GER"]
[SourceTitle "CBM 209 Extra"]
[Source "ChessBase"]
[SourceDate "2022.09.30"]
[SourceVersion "1"]
[SourceVersionDate "2022.09.30"]
[SourceQuality "1"]

1. Nf3 g6 2. g3 Bg7 3. Bg2 e5 4. d3 Nc6 5. 0-0 d6 6. c4 f5 7. Nc3 Nf6 8. Rb1 a5 9. a3 0-0 10. b4 axb4 11. axb4 h6 12. b5 Ne7 13. Ne1 c6 14. bxc6 bxc6 15. Bd2 Be6 16. Nc2 Qd7 17. Ra1 d5 18. Rxa8 Rxa8 19. cxd5 cxd5 20. d4 e4 21. Qb1 Rc8 22. Qb2 Ne8 23. e3 Nd6 24. Na3 Bf8 25. Rb1 Nc6 26. Bf1 Rb8 27. Qc1 1/2-1/2

[Event "Bodenmais op"]
[Site "Bodenmais"]
[Date "2022.08.01"]
[Round "3"]
[White "Hilbig, Dieter"]
[Black "Franz, Karsten"]
[Result "1/2-1/2"]
[WhiteElo "1913"]
[BlackElo "2213"]
[PlyCount "33"]
[EventDate "2022.07.30"]
[EventType "swiss"]
[EventRounds "9"]
[EventCountry "GER"]
[SourceTitle "CBM 209 Extra"]
[Source "ChessBase"]
[SourceDate "2022.09.30"]
[SourceVersion "1"]
[SourceVersionDate "2022.09.30"]
[SourceQuality "1"]

1. e4 g6 2. d4 Bg7 3. Nc3 d6 4. Nf3 Nf6 5. h3 0-0 6. Bd3 Nc6 7. 0-0 e5 8. dxe5 dxe5 9. Bg5 Be6 10. Bb5 Nd4 11. Nxd4 exd4 12. Ne2 c6 13. e5 cxb5 14. exf6 Bxf6 15. Bxf6 Qxf6 16. Qxd4 Qf5 17. Ng3 1/2-1/2

[Event "Rostock SSC op 14th"]
[Site "Rostock"]
[Date "2015.07.29"]
[Round "1.10"]
[White "Wulf, Constanze"]
[Black "Franz, Karsten"]
[Result "0-1"]
[WhiteElo "1658"]
[BlackElo "2206"]
[PlyCount "74"]
[EventDate "2015.07.29"]
[EventType "swiss"]
[EventRounds "7"]
[EventCountry "GER"]
[SourceTitle "EXT 2019"]
[Source "ChessBase"]
[SourceDate "2018.10.10"]
[SourceVersion "1"]
[SourceVersionDate "2018.10.10"]
[SourceQuality "1"]

1. Nf3 g6 2. e3 Bg7 3. c4 d6 4. Nc3 e5 5. d4 Nc6 6. dxe5 Nxe5 7. Nxe5 Bxe5 8. Bd2 Ne7 9. Rc1 0-0 10. Bd3 Be6 11. b3 c6 12. e4 f5 13. exf5 Nxf5 14. 0-0 Qh4 15. h3 Nd4 16. f4 Bxf4 17. Bxf4 Rxf4 18. Rxf4 Qxf4 19. Ne2 Qe3+ 20. Kh1 Nf5 21. Qc2 Qf2 22. Qd1 Ne3 23. Qg1 Rf8 24. Nd4 Bd7 25. Re1 Ng4 26. Rf1 Qxg1+ 27. Kxg1 Ne5 28. Rxf8+ Kxf8 29. Bc2 Ke7 30. Kf2 Kf6 31. Kg3 h6 32. h4 g5 33. Kf2 Ng4+ 34. Kg3 Ne3 35. Bd3 Nf5+ 36. Nxf5 Bxf5 37. Bxf5 Kxf5 0-1

[Event "Kiel op-A 27th"]
[Site "Kiel"]
[Date "2014.08.07"]
[Round "8"]
[White "Nixdorf, Andre"]
[Black "Franz, Karsten"]
[Result "0-1"]
[WhiteElo "1964"]
[BlackElo "2191"]
[PlyCount "32"]
[EventDate "2014.08.02"]
[EventType "swiss"]
[EventRounds "9"]
[EventCountry "GER"]
[SourceTitle "CBM 161 Extra"]
[Source "ChessBase"]
[SourceDate "2014.08.29"]
[SourceVersion "1"]
[SourceVersionDate "2014.08.29"]
[SourceQuality "1"]

1. e4 g6 2. d4 Bg7 3. Nc3 d6 4. Nf3 Nc6 5. Be2 Nf6 6. 0-0 0-0 7. d5 Ne5 8. Nxe5 dxe5 9. Re1 Ne8 10. f4 Nd6 11. fxe5 Bxe5 12. Bh6 Re8 13. Qd2 e6 14. Rad1 exd5 15. exd5 Bf5 16. Nb5 Qh4 0-1

[Event "Kiel op-A 27th"]
[Site "Kiel"]
[Date "2014.08.05"]
[Round "6"]
[White "Franz, Karsten"]
[Black "Kardoeus, David"]
[Result "1-0"]
[WhiteElo "2191"]
[BlackElo "2003"]
[PlyCount "65"]
[EventDate "2014.08.02"]
[EventType "swiss"]
[EventRounds "9"]
[EventCountry "GER"]
[SourceTitle "CBM 161 Extra"]
[Source "ChessBase"]
[SourceDate "2014.08.29"]
[SourceVersion "1"]
[SourceVersionDate "2014.08.29"]
[SourceQuality "1"]

1. Nf3 Nc6 2. g3 e5 3. d3 Nf6 4. Bg2 Bc5 5. 0-0 0-0 6. Nxe5 Nxe5 7. d4 Bd6 8. dxe5 Bxe5 9. e4 c6 10. f4 Qb6+ 11. Kh1 Bxb2 12. Bxb2 Qxb2 13. Nd2 d5 14. e5 Ng4 15. Rf3 d4 16. Nf1 Be6 17. h3 Nh6 18. Rd3 c5 19. g4 Bxa2 20. Ng3 Kh8 21. Ne4 b6 22. Rd2 Be6 23. c4 Qb4 24. Ra4 a5 25. Rxb4 axb4 26. Nd6 Ra3 27. Rd3 Bxg4 28. hxg4 Nxg4 29. Qxg4 Rxd3 30. Nxf7+ Kg8 31. Qe6 Rd1+ 32. Kh2 g6 33. Ng5+ 1-0

[Event "Kiel op-A 27th"]
[Site "Kiel"]
[Date "2014.08.04"]
[Round "5"]
[White "Franz, Karsten"]
[Black "Lanka, Zigurds"]
[Result "0-1"]
[WhiteElo "2191"]
[BlackElo "2451"]
[PlyCount "62"]
[EventDate "2014.08.02"]
[EventType "swiss"]
[EventRounds "9"]
[EventCountry "GER"]
[SourceTitle "CBM 161 Extra"]
[Source "ChessBase"]
[SourceDate "2014.08.29"]
[SourceVersion "1"]
[SourceVersionDate "2014.08.29"]
[SourceQuality "1"]

1. e4 c5 2. Nf3 a6 3. d3 g6 4. g3 Bg7 5. Bg2 Nc6 6. 0-0 d6 7. c3 e5 8. Be3 Nge7 9. Nbd2 0-0 10. Ne1 h6 11. f4 exf4 12. gxf4 f5 13. Nc2 Kh7 14. Qe1 Be6 15. Qh4 Bf6 16. Qf2 Qd7 17. Nf3 b6 18. Kh1 Rad8 19. Rfe1 fxe4 20. dxe4 d5 21. Rad1 Qc8 22. e5 Bg7 23. Bc1 Bg4 24. Qg3 d4 25. cxd4 cxd4 26. f5 Qxf5 27. Ncxd4 Qh5 28. Nxc6 Rxd1 29. Rxd1 Rxf3 30. Qe1 Nxc6 31. Rd2 Nxe5 0-1

[Event "Rostock SSC op 12th"]
[Site "Rostock"]
[Date "2013.07.31"]
[Round "2"]
[White "Franz, Karsten"]
[Black "Schreiber, Kevin"]
[Result "1-0"]
[WhiteElo "2191"]
[BlackElo "1914"]
[PlyCount "65"]
[EventDate "2013.07.31"]
[EventType "swiss"]
[EventRounds "7"]
[EventCountry "GER"]
[SourceTitle "EXT 2018"]
[Source "ChessBase"]
[SourceDate "2017.10.13"]
[SourceVersion "1"]
[SourceVersionDate "2017.10.13"]
[SourceQuality "1"]

1. Nf3 c5 2. g3 Nc6 3. Bg2 g6 4. d3 Bg7 5. e4 e6 6. 0-0 Nge7 7. c3 d5 8. Qe2 d4 9. cxd4 cxd4 10. Bd2 e5 11. b4 a6 12. a4 0-0 13. Na3 Be6 14. Rfb1 b6 15. b5 Nb8 16. Ng5 Bd7 17. f4 f6 18. Nf3 axb5 19. axb5 Qe8 20. Bb4 h6 21. Nc4 Rxa1 22. Rxa1 Be6 23. Ra8 Bxc4 24. dxc4 Qf7 25. Ra7 Re8 26. Nh4 exf4 27. e5 Kh7 28. Bd5 Qf8 29. gxf4 fxe5 30. Qe4 Bf6 31. fxe5 Bxh4 32. Qxh4 g5 33. Qxd4 1-0

[Event "Rostock SSC op 12th"]
[Site "Rostock"]
[Date "2013.07.31"]
[Round "1"]
[White "Kreuzinger, Frank"]
[Black "Franz, Karsten"]
[Result "0-1"]
[WhiteElo "1759"]
[BlackElo "2191"]
[PlyCount "108"]
[EventDate "2013.07.31"]
[EventType "swiss"]
[EventRounds "7"]
[EventCountry "GER"]
[SourceTitle "EXT 2018"]
[Source "ChessBase"]
[SourceDate "2017.10.13"]
[SourceVersion "1"]
[SourceVersionDate "2017.10.13"]
[SourceQuality "1"]

1. Nf3 g6 2. g3 Bg7 3. Bg2 d6 4. d4 Nc6 5. 0-0 e5 6. dxe5 dxe5 7. Qxd8+ Nxd8 8. Nc3 Ne6 9. Bd2 Ne7 10. Rad1 Bd7 11. Ng5 0-0 12. Nxe6 Bxe6 13. Nb5 Bc4 14. Nc3 c6 15. b3 Ba6 16. Rfe1 Rad8 17. Ne4 b6 18. Bg5 Rxd1 19. Rxd1 f6 20. Rd7 Nf5 21. Bc1 Bxe2 22. Nc3 Bh5 23. Bxc6 Nd4 24. Bd5+ Kh8 25. Ba3 Rc8 26. Be7 Bg4 27. Rd8+ Rxd8 28. Bxd8 Be6 29. Bxe6 Nxe6 30. Be7 Kg8 31. Nd5 Kf7 32. c4 f5 33. Bd6 Nd4 34. Nc7 e4 35. Kf1 g5 36. Nb5 Nc6 37. Nc7 Bf6 38. Nd5 Bd8 39. Ba3 Ke6 40. Bb2 Ne5 41. Ke2 Nd3 42. Ba3 b5 43. f3 bxc4 44. fxe4 Ne5 45. Ne3 fxe4 46. bxc4 Nf3 47. Nf1 Nd4+ 48. Kf2 Bb6 49. Bc1 Nc2+ 50. Ke2 g4 51. Ne3 Nd4+ 52. Kf2 Nf3 53. Kg2 Ne5 54. Bd2 a6 0-1

[Event "Latschach op 28th"]
[Site "Latschach"]
[Date "2012.08.12"]
[Round "2"]
[White "Kainz, Josef"]
[Black "Franz, Karsten"]
[Result "1/2-1/2"]
[WhiteElo "1952"]
[BlackElo "2224"]
[PlyCount "20"]
[EventDate "2012.08.11"]
[EventType "swiss"]
[EventRounds "9"]
[EventCountry "AUT"]
[SourceTitle "CBM 149 Extra"]
[Source "ChessBase"]
[SourceDate "2012.08.24"]
[SourceVersion "1"]
[SourceVersionDate "2012.08.24"]
[SourceQuality "1"]

1. d4 g6 2. e4 Bg7 3. Nf3 d6 4. Bc4 Nc6 5. 0-0 Nf6 6. Nc3 0-0 7. h3 Nxe4 8. Bxf7+ Rxf7 9. Nxe4 h6 10. d5 Ne5 1/2-1/2

[Event "St Veit op-A 29th"]
[Site "St Veit"]
[Date "2010.07.13"]
[Round "4"]
[White "Wertjanz, David"]
[Black "Franz, Karsten"]
[Result "1-0"]
[WhiteElo "2175"]
[BlackElo "2222"]
[PlyCount "121"]
[EventDate "2010.07.10"]
[EventType "swiss"]
[EventRounds "9"]
[EventCountry "AUT"]
[SourceTitle "CBM 137 Extra"]
[Source "ChessBase"]
[SourceDate "2010.09.01"]
[SourceVersion "1"]
[SourceVersionDate "2010.09.01"]
[SourceQuality "1"]

1. e4 g6 2. d4 Bg7 3. Nc3 d6 4. Be3 Nc6 5. Qd2 e5 6. Nge2 Nf6 7. 0-0-0 Ng4 8. dxe5 Nxe3 9. Qxe3 Nxe5 10. f4 Bh6 11. Kb1 0-0 12. h3 Be6 13. g4 Nc4 14. Qg3 c5 15. Nc1 Qb6 16. Bxc4 Bxc4 17. h4 Bg7 18. h5 Rfd8 19. hxg6 hxg6 20. g5 Be6 21. Rdf1 Qc6 22. Rh4 Bc4 23. Rfh1 Kf8 24. f5 Be5 25. Qh3 Ke8 26. fxg6 fxg6 27. Rh7 Qc8 28. Qf3 Bg8 29. R7h6 Qe6 30. Nd5 Kd7 31. Qb3 Kc8 32. Rh7 Rd7 33. Rxd7 Qxd7 34. Ne7+ Qxe7 35. Qxg8+ Qd8 36. Qxg6 Kc7 37. Rh7+ Kb6 38. Qf7 Rb8 39. a4 a6 40. g6 Qf6 41. Qc7+ Ka7 42. Nb3 Qxg6 43. Na5 Qg1+ 44. Ka2 Qg8+ 45. b3 Ka8 46. Nc6 Qc8 47. Qxb8+ Qxb8 48. Nxb8 Kxb8 49. c4 a5 50. Kb1 Ka7 51. Kc2 Kb6 52. Kd3 Kc6 53. Ke2 Bd4 54. Kf3 Bc3 55. Kf4 Be5+ 56. Kf5 Bg3 57. Ke6 Bf4 58. Rh8 Kc7 59. Kd5 Bg3 60. Rh7+ Kb6 61. Rd7 1-0

[Event "St Veit op-A 28th"]
[Site "St Veit"]
[Date "2009.07.17"]
[Round "7"]
[White "Wertjanz, David"]
[Black "Franz, Karsten"]
[Result "1/2-1/2"]
[WhiteElo "2071"]
[BlackElo "2237"]
[PlyCount "24"]
[EventDate "2009.07.11"]
[EventType "swiss"]
[EventRounds "9"]
[EventCountry "AUT"]
[SourceTitle "CBM 131 Extra"]
[Source "ChessBase"]
[SourceDate "2009.09.03"]
[SourceVersion "2"]
[SourceVersionDate "2009.09.16"]
[SourceQuality "1"]

1. e4 g6 2. d4 Bg7 3. Nc3 d6 4. f4 Nc6 5. Nf3 Bg4 6. Be3 e5 7. fxe5 dxe5 8. d5 Nd4 9. Nb5 Nxb5 10. Bxb5+ c6 11. Bc4 Ne7 12. dxc6 Qxd1+ 1/2-1/2

[Event "GER-ch Teachers"]
[Site "Friedrichroda"]
[Date "2007.08.11"]
[Round "6.2"]
[White "Franz, Karsten"]
[Black "Gottuk, Stefan"]
[Result "1/2-1/2"]
[WhiteElo "2237"]
[BlackElo "2250"]
[PlyCount "30"]
[EventDate "2007.08.08"]
[EventType "swiss"]
[EventRounds "7"]
[EventCountry "GER"]
[SourceTitle "CBM 120 Extra"]
[Source "ChessBase"]
[SourceDate "2007.11.01"]
[SourceVersion "1"]
[SourceVersionDate "2007.11.01"]
[SourceQuality "1"]

1. Nf3 g6 2. g3 Bg7 3. Bg2 d6 4. 0-0 f5 5. d3 Nf6 6. Nc3 0-0 7. e4 fxe4 8. dxe4 Nc6 9. Re1 Ng4 10. h3 Nge5 11. Nxe5 Bxe5 12. f4 Bg7 13. g4 e6 14. Be3 a6 15. Rf1 Qe7 1/2-1/2

[Event "GER-ch Teachers"]
[Site "Friedrichroda"]
[Date "2007.08.10"]
[Round "4.1"]
[White "Franz, Karsten"]
[Black "Haselhorst, Helmut"]
[Result "1-0"]
[WhiteElo "2237"]
[BlackElo "2146"]
[PlyCount "89"]
[EventDate "2007.08.08"]
[EventType "swiss"]
[EventRounds "7"]
[EventCountry "GER"]
[SourceTitle "CBM 120 Extra"]
[Source "ChessBase"]
[SourceDate "2007.11.01"]
[SourceVersion "1"]
[SourceVersionDate "2007.11.01"]
[SourceQuality "1"]

1. Nf3 d6 2. g3 e5 3. d3 g6 4. Bg2 Bg7 5. e4 Ne7 6. 0-0 0-0 7. c3 h6 8. d4 Nbc6 9. Be3 f5 10. dxe5 fxe4 11. exd6 Nf5 12. Qd5+ Kh7 13. Qxe4 Nxd6 14. Qd5 Qf6 15. Nd4 Ne5 16. Nd2 c6 17. Qb3 c5 18. N4f3 Be6 19. Qa4 Nd3 20. Ne4 Nxe4 21. Qxe4 Nxb2 22. Bxc5 Rf7 23. Bd4 Qf5 24. Nh4 Qxe4 25. Bxe4 Bf5 26. Nxf5 gxf5 27. Bd5 Rc7 28. Rab1 Na4 29. Bxb7 Rd8 30. Bxg7 Kxg7 31. c4 Rxc4 32. Ba6 Rc7 33. Rfc1 Re7 34. Rb4 Nb6 35. Rf4 Rd5 36. Rc6 Nd7 37. Rc7 Kf6 38. Bc4 Ra5 39. Rc6+ Ke5 40. Rxh6 Nf6 41. Bb3 Rc7 42. Rg6 Ne4 43. Re6+ Kd4 44. f3 Rxa2 45. Bxa2 1-0

[Event "Latschach op 22nd"]
[Site "Latschach"]
[Date "2006.08.17"]
[Round "7"]
[White "Pelagatti, Alessandro"]
[Black "Franz, Karsten"]
[Result "1/2-1/2"]
[WhiteElo "2092"]
[BlackElo "2264"]
[PlyCount "51"]
[EventDate "2006.08.12"]
[EventType "swiss"]
[EventRounds "9"]
[EventCountry "AUT"]
[SourceTitle "CBM 113 Extra"]
[Source "ChessBase"]
[SourceDate "2006.09.14"]
[SourceVersion "1"]
[SourceVersionDate "2006.09.14"]
[SourceQuality "1"]

1. d4 g6 2. c4 Bg7 3. e4 Nc6 4. d5 Nd4 5. Ne2 e5 6. Nxd4 exd4 7. Bd3 c5 8. 0-0 d6 9. Nd2 Nf6 10. h3 0-0 11. Nf3 Re8 12. Re1 Qc7 13. Bd2 Bd7 14. b4 b5 15. bxc5 bxc4 16. cxd6 Qb6 17. Bxc4 Nxe4 18. Bf4 Nxd6 19. Qb3 Nxc4 20. Qxc4 Rxe1+ 21. Rxe1 Rc8 22. Qxc8+ Bxc8 23. Re8+ Bf8 24. Bh6 Qc5 25. Nxd4 Bd7 26. Rxf8+ 1/2-1/2

[Event "Faakersee op 21st"]
[Site "Latschach"]
[Date "2005.08.14"]
[Round "2"]
[White "Revelant, Stefan"]
[Black "Franz, Karsten"]
[Result "0-1"]
[WhiteElo "2059"]
[BlackElo "2268"]
[PlyCount "90"]
[EventDate "2005.08.13"]
[EventType "swiss"]
[EventRounds "9"]
[EventCountry "AUT"]
[SourceTitle "EXT 2006"]
[Source "ChessBase"]
[SourceDate "2005.11.24"]
[SourceVersion "1"]
[SourceVersionDate "2005.11.24"]
[SourceQuality "1"]

1. d4 g6 2. c4 Bg7 3. Nc3 d6 4. e4 Nc6 5. Nge2 e5 6. d5 Nce7 7. g3 f5 8. Bg2 Nf6 9. 0-0 0-0 10. b4 a5 11. Ba3 f4 12. f3 g5 13. c5 axb4 14. Bxb4 Ng6 15. Nc1 Rf7 16. Nd3 Bf8 17. cxd6 cxd6 18. Qe2 fxg3 19. hxg3 Nh5 20. Kh2 g4 21. Qe1 Ngf4 22. Rd1 Nxg2 23. Kxg2 gxf3+ 24. Rxf3 Bh3+ 25. Kf2 Rxf3+ 26. Kxf3 Qf6+ 27. Ke2 Bg4+ 28. Kd2 Bxd1 29. Qxd1 Qg5+ 30. Kc2 Nxg3 31. Qf3 h5 32. Nf2 Qf4 33. Qxf4 exf4 34. a3 Rd8 35. Kd3 Bg7 36. Nb5 Be5 37. Nh3 Kg7 38. Ng5 Kf6 39. Nc7 Rg8 40. Nf3 Nh1 41. Be1 Ng3 42. Nxe5 dxe5 43. d6 Rd8 44. Nd5+ Ke6 45. Bb4 h4 0-1

[Event "Jacques Lemans op 23rd"]
[Site "St Veit"]
[Date "2004.07.17"]
[Round "8"]
[White "Mazi, Leon"]
[Black "Franz, Karsten"]
[Result "1-0"]
[WhiteElo "2417"]
[BlackElo "2263"]
[PlyCount "83"]
[EventDate "2004.07.10"]
[EventType "swiss"]
[EventRounds "9"]
[EventCountry "AUT"]
[SourceTitle "CBM 101 Extra"]
[Source "ChessBase"]
[SourceDate "2004.09.01"]
[SourceVersion "2"]
[SourceVersionDate "2004.09.01"]
[SourceQuality "1"]

1. e4 g6 2. d4 Bg7 3. Nc3 d6 4. Be3 Nc6 5. Qd2 e5 6. Nge2 f5 7. exf5 gxf5 8. dxe5 dxe5 9. Qxd8+ Nxd8 10. f4 Nf6 11. h3 c6 12. fxe5 Nd7 13. 0-0-0 0-0 14. Nf4 Nxe5 15. Nh5 Bh8 16. Bc5 Re8 17. g4 Ne6 18. Ba3 Rd8 19. gxf5 Rxd1+ 20. Nxd1 Nd4 21. Ne3 Nxf5 22. Ng4 Kf7 23. Be2 Nxg4 24. hxg4 Ne3 25. Nf4 Bxg4 26. Rxh7+ Bg7 27. Bxg4 Nxg4 28. Nh5 Kg6 29. Rxg7+ Kxh5 30. Rxb7 a5 31. Rb6 Rd8 32. Rxc6 Ne3 33. b3 a4 34. Bc5 Rd1+ 35. Kb2 Nf1 36. Bb4 Ne3 37. Rd6 Rf1 38. Rd2 Kg4 39. Ka3 Ra1 40. Bc5 axb3 41. cxb3 Kf3 42. Rd3 1-0

[Event "Jacques Lemans op 23rd"]
[Site "St Veit"]
[Date "2004.07.11"]
[Round "2"]
[White "Franz, Karsten"]
[Black "Titz, Herbert"]
[Result "1-0"]
[WhiteElo "2263"]
[BlackElo "2066"]
[PlyCount "41"]
[EventDate "2004.07.10"]
[EventType "swiss"]
[EventRounds "9"]
[EventCountry "AUT"]
[SourceTitle "CBM 101 Extra"]
[Source "ChessBase"]
[SourceDate "2004.09.01"]
[SourceVersion "2"]
[SourceVersionDate "2004.09.01"]
[SourceQuality "1"]

1. Nf3 Nf6 2. g3 c5 3. Bg2 Nc6 4. 0-0 g6 5. d3 Bg7 6. e4 0-0 7. c3 Rb8 8. a4 b6 9. Na3 Bb7 10. e5 Ne8 11. Bf4 d6 12. d4 dxe5 13. dxe5 Qxd1 14. Rfxd1 Rc8 15. e6 f5 16. Nc4 Nd8 17. Rd7 Ba6 18. Bf1 Nxe6 19. Nxb6 axb6 20. Bxa6 Rd8 21. Bc4 1-0

[Event "Jacques Lemans op 21st"]
[Site "St Veit"]
[Date "2002.07.08"]
[Round "3"]
[White "Mussnig, Manfred"]
[Black "Franz, Karsten"]
[Result "0-1"]
[WhiteElo "2114"]
[BlackElo "2232"]
[PlyCount "116"]
[EventDate "2002.07.06"]
[EventType "swiss"]
[EventRounds "9"]
[EventCountry "AUT"]
[SourceTitle "CBM 089 Extra"]
[Source "ChessBase"]
[SourceDate "2002.09.10"]
[SourceVersion "2"]
[SourceVersionDate "2002.09.10"]
[SourceQuality "1"]

1. c4 g6 2. Nc3 Bg7 3. g3 d6 4. Bg2 e5 5. e4 Nc6 6. Nge2 f5 7. d3 Nf6 8. 0-0 0-0 9. Bg5 h6 10. Bxf6 Qxf6 11. Nd5 Qf7 12. Rb1 Nd8 13. f4 c6 14. Ne3 exf4 15. gxf4 Qe7 16. Kh1 Ne6 17. b4 Nd4 18. Nc2 Nxe2 19. Qxe2 Bd7 20. Qf2 g5 21. Rbe1 fxe4 22. Bxe4 Qf7 23. Qg2 gxf4 24. Ne3 Kh8 25. Rxf4 Bh3 26. Qg6 Qxg6 27. Rxf8+ Rxf8 28. Bxg6 Rf2 29. Nd1 Rf8 30. Ne3 Bc3 31. Rg1 Bxb4 32. Rg3 Be6 33. Be4 Bc5 34. Kg2 Bd4 35. Ng4 h5 36. Ne3 h4 37. Rf3 h3+ 38. Kf2 Kg7 39. Rxf8 Kxf8 40. Kf3 Bxe3 41. Kxe3 d5 42. cxd5 cxd5 43. Bf3 Ke7 44. d4 Kd6 45. Kf4 b5 46. Be2 b4 47. Ba6 Bd7 48. Bd3 a5 49. Ke3 Ke6 50. Kf4 Kf6 51. Ba6 Bf5 52. Bb7 Be4 53. Bc6 Ke6 54. Ba4 Bb1 55. Bb3 a4 56. Bxa4 Bxa2 57. Bc2 b3 58. Bf5+ Kf6 0-1